Record Details

Maternal,Fetal,Neonatal Phsiology;A Clinical Perspective

Record details

  • ISBN: 9780323569118
  • Physical Description: Paperback
  • Edition: Fifth Edition
  • Publisher: Missouri Elsevier 2018
Subject: Pregnancy

Available copies

  • 14 of 14 copies available at Headquarters.
Location Call Number / Copy Notes Barcode Shelving Location Status Due Date
Accra Central Library 201 612.63/BLA 000000769372 600 - Technology-How things are made, Human Body, Health & Disease, Pets, Farms, Cars, Cooking - LEND Available -
Accra Central Library 201 612.63/BLA 000000769426 600 - Technology-How things are made, Human Body, Health & Disease, Pets, Farms, Cars, Cooking - LEND Available -
Accra Central Library 201 612.63/BLA 000000769433 600 - Technology-How things are made, Human Body, Health & Disease, Pets, Farms, Cars, Cooking - REF Available -
Accra Central Library 201 612.63/BLA 000000775977 600 - Technology-How things are made, Human Body, Health & Disease, Pets, Farms, Cars, Cooking - REF Available -
Dansoman Library 201 612.63/BLA 000000769419 600 - Technology-How things are made, Human Body, Health & Disease, Pets, Farms, Cars, Cooking Available -
Dodowa Library 201 61263/BLA 000000769464 600 - Technology-How things are made, Human Body, Health & Disease, Pets, Farms, Cars, Cooking Available -
Frafraha Library 201 61263/BLA 000000775953 600 - Technology-How things are made, Human Body, Health & Disease, Pets, Farms, Cars, Cooking Available -
Frafraha Library 201 61263/BLA 000000776011 600 - Technology-How things are made, Human Body, Health & Disease, Pets, Farms, Cars, Cooking Available -
Frafraha Library 201 61263/BLA 000000776028 600 - Technology-How things are made, Human Body, Health & Disease, Pets, Farms, Cars, Cooking Available -
Frafraha Library 201 61263/BLA 000000776097 600 - Technology-How things are made, Human Body, Health & Disease, Pets, Farms, Cars, Cooking Available -

No reviews or recommendations are currently available.
Select a content type above to view it.

Loading shelf browser…

LDR 00620cam a2200205Ka 4500
00162644
003HQ
00520201002111828.0
008070101s xxua gr 0 eng d
020 . ‡a9780323569118
037 . ‡aBook Aid
082 . ‡a612.63/BLA
100 . ‡aSusan Tucker Blackburn
245 . ‡aMaternal,Fetal,Neonatal Phsiology;A Clinical Perspective
250 . ‡aFifth Edition
260 . ‡aMissouri ‡bElsevier ‡c2018
300 . ‡aPaperback
650 . ‡aPregnancy
901 . ‡a62644 ‡bAUTOGEN ‡c62644 ‡tbiblio

Session Timeout

Your session will expire in minutes and seconds.

If you need more time, please click "Continue Session."

Session Ended

Your session has ended. Redirecting to the home page...